000 01106cam a2200313 i 4500
001 24263
003 Mx-PuUPA
005 20250623152615.0
008 140415s2012 ag a gr 001 0 spa d
020 _a9789870322559
040 _aMx-PuUPA
_bspa
_cMx-PuUPA
_dMx-PuUPA
_erda
041 0 _aspa
100 1 _aPahlen Acuña, Ricardo J. M.,
_917081
_eautor
245 0 0 _aContabilidad :
_bconceptualización didáctica aplicada /
_cRicardo J. M. Pahlen Acuña, Ana María Campo
250 _a1a. edición
264 1 _aBuenos Aires, Argentina :
_bLa Ley,
_c2012
300 _axvi, 307 páginas :
_bilustraciones ;
_c25 cm
336 _2rdacontent
_atexto
_btxt
337 _2rdamedia
_asin medio
_bn
338 _2rdacarrier
_avolumen
_bnc
490 0 _aColección Teoría Contable ;
650 7 _2armarc
_aContabilidad
650 7 _2armarc
_aContabilidad
_vProblemas, ejercicios, etc.
700 1 _aCampo, Ana María,
_eautor
942 _2ddc
_cLI
_h657
_iP54
999 _c24263
_d24263